[Event "Feffernitz Raika op 07th"]
[Site "Feffernitz"]
[Date "1998.08.20"]
[Round "?"]
[White "Hipp, Mario"]
[Black "Reiss, Georg"]
[Result "0-1"]
[WhiteElo "1244"]
[BlackElo "1721"]
[PlyCount "70"]
[EventDate "1998.08.??"]
[EventType "swiss"]
[EventRounds "9"]
[EventCountry "AUT"]
[SourceTitle "EXT 2004"]
[Source "ChessBase"]
[SourceDate "2003.11.25"]
[SourceVersion "1"]
[SourceVersionDate "2003.11.25"]
[SourceQuality "1"]

1. e4 d5 2. Nc3 Nf6 3. f3 dxe4 4. fxe4 Nc6 5. Bb5 Bd7 6. Bxc6 Bxc6 7. d3 e6 8. g3 Bb4 9. Nge2 0-0 10. a3 Ba5 11. Bd2 Qd7 12. h4 Rad8 13. Bg5 h6 14. Bxf6 gxf6 15. Qd2 Kh7 16. 0-0-0 f5 17. Qe3 Bb6 18. Qd2 fxe4 19. Nxe4 Bxe4 20. dxe4 Qxd2+ 21. Rxd2 Be3 22. Rhd1 Rxd2 23. Rxd2 Rd8 24. Kb1 Rxd2 25. Nc3 Rg2 26. Nb5 Bb6 27. h5 Rxg3 28. Nc3 Rh3 29. Na4 Rxh5 30. Nc3 Re5 31. Kc1 Bd4 32. Nb5 Rxb5 33. e5 Bxb2+ 34. Kb1 Bxe5+ 35. Kc1 Bb2+ 0-1

[Event "Feffernitz Raika op 07th"]
[Site "Feffernitz"]
[Date "1998.08.17"]
[Round "?"]
[White "Steindl, Helmut"]
[Black "Hipp, Mario"]
[Result "1/2-1/2"]
[WhiteElo "1746"]
[BlackElo "1244"]
[PlyCount "39"]
[EventDate "1998.08.??"]
[EventType "swiss"]
[EventRounds "9"]
[EventCountry "AUT"]
[SourceTitle "EXT 2004"]
[Source "ChessBase"]
[SourceDate "2003.11.25"]
[SourceVersion "1"]
[SourceVersionDate "2003.11.25"]
[SourceQuality "1"]

1. d4 d5 2. e4 dxe4 3. Nc3 Nc6 4. d5 Ne5 5. Nxe4 e6 6. c4 Bb4+ 7. Nc3 Bxc3+ 8. bxc3 Ne7 9. Ba3 b6 10. Qa4+ Bd7 11. Qd1 N5g6 12. Nf3 c5 13. Be2 0-0 14. 0-0 Nf4 15. Re1 exd5 16. cxd5 Nexd5 17. Qd2 Bc6 18. Qb2 h6 19. Rad1 Qc7 20. Bc4 1/2-1/2